000 00425nam a22001697a 4500
005 20180321125944.0
008 160503b xxu||||| |||| 00| 0 eng d
020 _a978-81-203-2731-3
041 _aeng
082 _b1217
_a338.5024658
100 _aMaheshwari Yogesh
_9418
245 _aManagerial Economics
260 _aNew Delhi
_bPHI learning Pvt. Ltd.
_c2009
300 _a283
650 _aManagement
_9241
942 _cBK
999 _c495
_d495